000 00622nam a2200229Ia 4500
003 OSt
005 20221007070217.0
006 a|||||r|||| 00| 0
007 ta
008 221006b |||||||| |||| 00| 0 eng d
024 _a14,726
037 _cTextual
040 _aFLL
_cFLL
_beng
041 _2eng
_aeng
082 _aX:9.1.N75, L7
100 _aGhai D.P. Au.
_9687247
245 0 _aBasic-needs approach to development
260 _aGeneva
_bInternational labour office Geneva
_c1977
300 _a113p
_ccm.
942 _hX:9.1.N75, L7
_cTEXL
_2CC
999 _c1139801
_d1139801